Quizzes
Events
Quiz Creation
Community
Videos
Private Events
Remove Ads
Sign In
Join for FREE
Feedback
Dark Mode
Quiz Categories
Sports
Geography
Music
Movies
Television
Just For Fun
Miscellaneous
History
Literature
Language
Science
Gaming
Entertainment
Religion
Holiday
For Kids
Quiz Lab
Recent
Popular Today
Quiz Kudos Today
Editor Picks
Curator Picks
Quizzes by...
Day
Popularity
Type
Ratings
Length
Year
Community
Subscriptions
Recent Discussions
Orange Saloon
Badges
Playlists
Quests
Create
Leaderboards
Showdown
Live 5
Trivia Bingo
Activity
Puzzle Library
Sporcle Events
Private Events
Virtual Trivia
Globe League
Become a Host
Pub Owners
SporcleCon
Opinionation
Our Games
Videos
Blog
Mobile Apps
Partnerships
Remove Ads and Go Orange
Feedback
Sports
Athletes
MLB
NBA
NHL
NFL
Soccer
Sports Teams
WWE
NCAA
Football
Premier League
Basketball
Baseball
Hockey
Golf
Tennis
Cricket
Rugby
Auto Racing
Olympics
World Cup
Sports
Athletes
MLB
NBA
NHL
NFL
Soccer
Sports Teams
WWE
NCAA
Football
Premier League
Basketball
Baseball
Hockey
Golf
Tennis
Cricket
Rugby
Auto Racing
Olympics
World Cup
Random Quiz
Search Sporcle
×
Quiz Lab
Quiz Lab
Sports
Baseball
Type in answers that appear in a list
Type in answers that appear in a list
Classic
Best Score? Go Orange.
Last 10 MLB managers by team Stats
Can you name the last 10 managers (including interim managers) for each MLB team?
By
moose2438
20m
297 Questions
457 Plays
457 Plays
457 Plays
Comments
Comments
Give Quiz Kudos
Give Quiz Kudos
-
- Ratings
hide this ad
Replay
Link that replays current quiz
Next Quiz
Link to next quiz in quiz playlist
You Got
0%
They Got
Avg Score
62%
Avg Friend Score
Upgrade to see
Score Distribution
Jump to the score distribution portion of the page
Score
0/297
Timer
20:00
0
Plays Today
Team
Manager
% Correct
Atlanta Braves
Joe Torre
98.5%
Los Angeles Dodgers
Joe Torre
98.5%
New York Yankees
Joe Torre
98.5%
St. Louis Cardinals
Joe Torre
98.5%
Atlanta Braves
Bobby Cox
96.9%
Boston Red Sox
Terry Francona
96.3%
Philadelphia Phillies
Terry Francona
96.3%
Chicago Cubs
Dusty Baker
95.6%
Chicago White Sox
Tony LaRussa
95.6%
Cincinnati Reds
Dusty Baker
95.6%
Oakland Athletics
Tony LaRussa
95.6%
St. Louis Cardinals
Tony LaRussa
95.6%
Baltimore Orioles
Davey Johnson
95%
Cincinnati Reds
Davey Johnson
95%
Los Angeles Dodgers
Davey Johnson
95%
New York Mets
Davey Johnson
95%
Toronto Blue Jays
Tim Johnson
95%
Washington Nationals/
Montreal Expos
Davey Johnson
95%
Texas Rangers
Darrell Johnson
94.7%
Arizona Diamondbacks
Buck Showalter
94.5%
Baltimore Orioles
Buck Showalter
94.5%
New York Yankees
Buck Showalter
94.5%
Texas Rangers
Buck Showalter
94.5%
Chicago Cubs
Lou Piniella
94.3%
Cincinnati Reds
Lou Piniella
94.3%
New York Yankees
Lou Piniella
94.3%
Seattle Mariners
Lou Piniella
94.3%
Tampa Bay (Devil) Rays
Lou Piniella
94.3%
Boston Red Sox
Jimy Williams
93.9%
Houston Astros
Jimy Williams
93.9%
San Diego Padres
Dick Williams
93.9%
Toronto Blue Jays
Jimy Williams
93.9%
Seattle Mariners
Dick Williams
93.9%
Colorado Rockies
Jim Leyland
93%
Detroit Tigers
Jim Leyland
93%
Florida Marlins
Jim Leyland
93%
Minnesota Twins
Billy Martin
93%
New York Yankees
Billy Martin
93%
Oakland Athletics
Billy Martin
93%
Pittsburgh Pirates
Jim Leyland
93%
Chicago White Sox
Ozzie Guillen
92.6%
Detroit Tigers
Sparky Anderson
92.1%
Chicago White Sox
Jerry Manuel
91%
Cleveland Indians
Charlie Manuel
91%
New York Mets
Jerry Manuel
91%
Philadelphia Phillies
Charlie Manuel
91%
Florida Marlins
Joe Girardi
90.6%
New York Yankees
Joe Girardi
90.6%
Los Angeles Dodgers
Tom Lasorda
90.2%
Toronto Blue Jays
Cito Gaston
90.2%
Atlanta Braves
Fredi Gonzalez
89.3%
Florida Marlins
Fredi Gonzalez
89.3%
Minnesota Twins
Ron Gardenhire
89.3%
Arizona Diamondbacks
Kirk Gibson
88.4%
San Francisco Giants
Dusty Baker
88.4%
San Francisco Giants
Frank Robinson
88.2%
Washington Nationals/
Montreal Expos
Frank Robinson
88.2%
Los Angeles Angels of Anaheim
Mike Scioscia
88%
Texas Rangers
Ron Washington
87.7%
Minnesota Twins
Tom Kelly
87.3%
San Diego Padres
Bruce Bochy
87.3%
San Francisco Giants
Bruce Bochy
87.3%
Chicago Cubs
Don Baylor
87.1%
Colorado Rockies
Don Baylor
87.1%
Colorado Rockies
Clint Hurdle
86.9%
Pittsburgh Pirates
Clint Hurdle
86.9%
Arizona Diamondbacks
Bob Brenly
86.7%
Cincinnati Reds
Jack McKeon
86.4%
Florida Marlins
Jack McKeon
86.4%
San Diego Padres
Jack McKeon
86.4%
Los Angeles Dodgers
Don Mattingly
86%
Baltimore Orioles
Mike Hargrove
85.8%
Cleveland Indians
Mike Hargrove
85.8%
San Francisco Giants
Felipe Alou
85.8%
Seattle Mariners
Mike Hargrove
85.8%
Washington Nationals/
Montreal Expos
Felipe Alou
85.8%
Los Angeles Angels of Anaheim
Joe Maddon
85.3%
Tampa Bay (Devil) Rays
Joe Maddon
85.3%
Detroit Tigers
Alan Trammell
85.1%
Houston Astros
Art Howe
84.9%
New York Mets
Art Howe
84.9%
Oakland Athletics
Art Howe
84.9%
Boston Red Sox
Grady Little
82.9%
Los Angeles Dodgers
Grady Little
82.9%
New York Mets
Dallas Green
82.5%
New York Yankees
Dallas Green
82.5%
San Diego Padres
Bud Black
81.6%
New York Mets
Bobby Valentine
81%
New York Mets
Willie Randolph
80.7%
St. Louis Cardinals
Whitey Herzog
80.7%
Colorado Rockies
Jim Tracy
80.1%
Los Angeles Dodgers
Jim Tracy
80.1%
Pittsburgh Pirates
Jim Tracy
80.1%
Texas Rangers
Bobby Valentine
80.1%
Cleveland Indians
Eric Wedge
79.4%
Seattle Mariners
Eric Wedge
79.4%
Detroit Tigers
Phil Garner
79%
Houston Astros
Phil Garner
79%
Milwaukee Brewers
Phil Garner
79%
Team
Manager
% Correct
Arizona Diamondbacks
Bob Melvin
78.3%
Oakland Athletics
Bob Melvin
78.3%
Seattle Mariners
Bob Melvin
78.3%
Kansas City Royals
Tony Pena
77.2%
Philadelphia Phillies
Larry Bowa
76.6%
San Diego Padres
Larry Bowa
76.6%
Colorado Rockies
Buddy Bell
76.1%
Detroit Tigers
Buddy Bell
76.1%
Kansas City Royals
Buddy Bell
76.1%
Texas Rangers
Don Zimmer
75.5%
Boston Red Sox
Don Zimmer
75.5%
Chicago Cubs
Don Zimmer
75.5%
Kansas City Royals
Ned Yost
75.3%
Milwaukee Brewers
Ned Yost
75.3%
Chicago Cubs
Jim Riggleman
75.1%
Houston Astros
Terry Collins
75.1%
Los Angeles Angels of Anaheim
Terry Collins
75.1%
New York Mets
Terry Collins
75.1%
San Diego Padres
Jim Riggleman
75.1%
Washington Nationals/
Montreal Expos
Jim Riggleman
75.1%
Atlanta Braves
Chuck Tanner
74%
Pittsburgh Pirates
Chuck Tanner
74%
Los Angeles Dodgers
Bill Russell
73.5%
Pittsburgh Pirates
John Russell
73.3%
Houston Astros
Cecil Cooper
72.9%
Pittsburgh Pirates
Lloyd McClendon
72.9%
San Francisco Giants
Roger Craig
72.6%
Los Angeles Dodgers
Walter Alston
72.4%
Cleveland Indians
Manny Acta
72%
Washington Nationals/
Montreal Expos
Manny Acta
72%
Chicago White Sox
Jim Fregosi
71.8%
Philadelphia Phillies
Jim Fregosi
71.8%
Toronto Blue Jays
Jim Fregosi
71.8%
Boston Red Sox
Joe M. Morgan
71.1%
Kansas City Royals
Hal McRae
71.1%
Tampa Bay (Devil) Rays
Hal McRae
71.1%
New York Yankees
Yogi Berra
69.6%
Cincinnati Reds
Tony Perez
69.4%
Florida Marlins
Tony Perez
69.4%
Chicago White Sox
Bob Lemon
69.4%
New York Yankees
Bob Lemon
69.4%
Baltimore Orioles
Johnny Oates
68.5%
Houston Astros
Larry Dierker
68.5%
Texas Rangers
Johnny Oates
68.5%
Baltimore Orioles
Ray Miller
68.3%
Boston Red Sox
Kevin Kennedy
68.3%
Minnesota Twins
Ray Miller
68.3%
Texas Rangers
Kevin Kennedy
68.3%
Toronto Blue Jays
Buck Martinez
68.1%
Boston Red Sox
John McNamara
67.8%
Cleveland Indians
John McNamara
67.8%
Los Angeles Angels of Anaheim
John McNamara
67.8%
Baltimore Orioles
Lee Mazzilli
67.4%
Arizona Diamondbacks
A.J. Hinch
66.3%
Cincinnati Reds
Bob Boone
66.3%
Kansas City Royals
Bob Boone
66.3%
Milwaukee Brewers
Ken Macha
66.1%
Oakland Athletics
Ken Macha
66.1%
Milwaukee Brewers
Davey Lopes
64.8%
Seattle Mariners
Don Wakamatsu
62.8%
Chicago Cubs
Rene Lachemann
62.4%
Chicago White Sox
Jeff Torborg
62.4%
Florida Marlins
Jeff Torborg
62.4%
Los Angeles Angels of Anaheim
Marcel Lachemann
62.4%
New York Mets
Jeff Torborg
62.4%
Washington Nationals/
Montreal Expos
Jeff Torborg
62.4%
Florida Marlins
Rene Lachemann
62.4%
Minnesota Twins
Gene Mauch
62.1%
St. Louis Cardinals
Red Schoendienst
61.9%
Oakland Athletics
Bob Geren
61.5%
Los Angeles Angels of Anaheim
Buck Rodgers
60.2%
Washington Nationals/
Montreal Expos
Buck Rodgers
60.2%
Toronto Blue Jays
John Gibbons
59.7%
Boston Red Sox
Ralph Houk
59.5%
Detroit Tigers
Ralph Houk
59.5%
New York Yankees
Bucky Dent
59.5%
Chicago White Sox
Gene Lamont
59.3%
Pittsburgh Pirates
Gene Lamont
59.3%
Chicago Cubs
Mike Quade
59.1%
New York Yankees
Stump Merrill
58.9%
Milwaukee Brewers
Dale Sveum
58.4%
Tampa Bay (Devil) Rays
Larry Rothschild
58.4%
Atlanta Braves
Ted Turner
57.5%
Milwaukee Brewers
Ron Roenicke
57.3%
Toronto Blue Jays
John Farrell
56.9%
Florida Marlins
Edwin Rodriguez
56.2%
New York Yankees
Gene Michael
55.4%
Houston Astros
Brad Mills
54.7%
Pittsburgh Pirates
Danny Murtaugh
54.7%
Cincinnati Reds
Ray Knight
54.5%
San Francisco Giants
Joe Altobelli
52.7%
Chicago Cubs
Joe Altobelli
52.7%
Atlanta Braves
Russ Nixon
52.5%
Baltimore Orioles
Sam Perlozzo
52.3%
Kansas City Royals
John Wathan
52.3%
Los Angeles Angels of Anaheim
John Wathan
52.3%
Cincinnati Reds
Jerry Narron
51.4%
Texas Rangers
Jerry Narron
51.4%
Baltimore Orioles
Juan Samuel
51%
Team
Manager
% Correct
Cleveland Indians
Pat Corrales
51%
Philadelphia Phillies
Pat Corrales
51%
Chicago Cubs
Tom Trebelhorn
50.3%
Milwaukee Brewers
Tom Trebelhorn
50.3%
Boston Red Sox
Butch Hobson
49.9%
Detroit Tigers
Larry Parrish
49.7%
Kansas City Royals
Trey Hillman
49.2%
New York Mets
Bud Harrelson
48.1%
Pittsburgh Pirates
Bill Virdon
47.7%
Washington Nationals/
Montreal Expos
Bill Virdon
47.7%
Milwaukee Brewers
George Bamberger
47%
Houston Astros
Dave Clark
46.8%
Baltimore Orioles
Dave Trembley
46.6%
Detroit Tigers
Luis Pujols
44.6%
Kansas City Royals
Tony Muser
44.4%
Seattle Mariners
Darren Brown
43.8%
Boston Red Sox
Joe Kerrigan
43.1%
Cincinnati Reds
Pete Mackanin
42.7%
Pittsburgh Pirates
Pete Mackanin
42.7%
Houston Astros
Hal Lanier
41.8%
Cleveland Indians
Joel Skinner
41.4%
St. Louis Cardinals
Ken Boyer
41.4%
Chicago White Sox
Terry Bevington
40.7%
Arizona Diamondbacks
Al Pedrique
40.5%
Toronto Blue Jays
Carlos Tosca
40.3%
New York Yankees
Clyde King
40%
Philadelphia Phillies
Lee Elia
40%
Oakland Athletics
Jackie Moore
39.6%
Chicago Cubs
Jim Lefebvre
39.2%
Los Angeles Dodgers
Glenn Hoffman
39.2%
Milwaukee Brewers
Jim Lefebvre
39.2%
Seattle Mariners
Jim Lefebvre
39.2%
Chicago Cubs
Bruce Kimm
38.3%
Chicago White Sox
Doug Rader
38.1%
Los Angeles Angels of Anaheim
Doug Rader
38.1%
Philadelphia Phillies
Paul Owens
38.1%
Texas Rangers
Doug Rader
38.1%
Philadelphia Phillies
Nick Leyva
37.6%
St. Louis Cardinals
Mike Jorgensen
37.6%
Cincinnati Reds
Dave Miley
36.8%
Minnesota Twins
Billy Gardner
36.8%
Kansas City Royals
Billy Gardner
36.8%
Seattle Mariners
John McLaren
36.1%
Washington Nationals/
Montreal Expos
John McLaren
36.1%
San Francisco Giants
Danny Ozark
35.9%
Florida Marlins
John Boles
35.2%
San Diego Padres
Frank Howard
34.8%
Boston Red Sox
Johnny Pesky
34.4%
Florida Marlins
Cookie Rojas
33.5%
Los Angeles Angels of Anaheim
Cookie Rojas
33.5%
Milwaukee Brewers
Jerry Royster
33.3%
New York Mets
Mike Cubbage
31.9%
Cleveland Indians
Doc Edwards
31.5%
Texas Rangers
Toby Harrah
31.5%
Atlanta Braves
Dave Bristol
30.9%
Chicago Cubs
Jim Essian
30.9%
San Francisco Giants
Dave Bristol
30.9%
San Diego Padres
Greg Riddoch
30%
Oakland Athletics
Steve Boros
29.5%
San Diego Padres
Steve Boros
29.5%
Toronto Blue Jays
Gene Tenace
29.3%
St. Louis Cardinals
John Keane
28.9%
San Diego Padres
Jerry Coleman
28.7%
Philadelphia Phillies
John Vukovich
28.2%
Atlanta Braves
Bobby Wine
27.8%
Chicago White Sox
Don Kessinger
27.8%
Atlanta Braves
Eddie Haas
27.1%
Baltimore Orioles
Phil Regan
26.9%
Cleveland Indians
John Hart
26.5%
Minnesota Twins
Bill Rigney
26.3%
San Francisco Giants
Bill Rigney
26.3%
San Francisco Giants
Jim Davenport
26.3%
Washington Nationals/
Montreal Expos
Jim Fanning
26%
Philadelphia Phillies
Gary Varsho
25.8%
Chicago White Sox
Larry Doby
25.4%
Minnesota Twins
Johnny Goryl
23.4%
Minnesota Twins
Frank Quilici
21.9%
Washington Nationals/
Montreal Expos
Tom Runnells
21.2%
Kansas City Royals
John Mizerock
21%
Seattle Mariners
Bill Plummer
21%
Toronto Blue Jays
Mel Queen
20.8%
Oakland Athletics
Jeff Newman
20.4%
Kansas City Royals
Bob Schaefer
20.1%
Philadelphia Phillies
John Felske
19.5%
Detroit Tigers
Les Moss
19.3%
Oakland Athletics
Jim Marshall
18.8%
Los Angeles Angels of Anaheim
Moose Stubing
18.6%
St. Louis Cardinals
Vernon Rapp
18.2%
Detroit Tigers
Dick Tracewski
17.5%
Los Angeles Dodgers
Chuck Dressen
17.1%
St. Louis Cardinals
Jack Krol
16.8%
Houston Astros
Matt Galante
15.5%
Minnesota Twins
Sam Mele
14.7%
Florida Marlins
Brandon Hyde
12.7%
Cleveland Indians
Mike Ferraro
12.3%
Seattle Mariners
Jim Snyder
10.9%
Atlanta Braves
Vern Benson
10.5%
St. Louis Cardinals
Solly Hemus
8.3%
Minnesota Twins
Cal Ermer
5.5%
Quiz Playlist
Details
Report
Send in Message
Add To Playlist
Classic:
Type in answers that appear in a list
Quiz Source
Last Updated: Feb 16, 2017
Quiz Scoreboard
CHALLENGE
Sign Up to Join the Scoreboard
Show All
Scores
Hide
Comments
May contain spoilers
Recently Published
NBA Finals Game Top Scorers (2010s)
by flibbidy
Sports
5m
Guess the 'R' Things in 3 Words
by MSUKent
Miscellaneous
3m
Actor to Badly Drawn Movie III
by MoMosMoProblems
Movies
5m
More to Explore
Quiz From the Vault
Featured Blog Post
Where Does Lost Luggage Go?
hide this ad
You Might Also Like...
Tags
Baseball Quiz
MLB Quiz
Manager
Today's Top Quizzes in Sports
Browse Sports
hide this ad
Today's Top Quizzes in Baseball
Browse Baseball
Top Contributed Quizzes in Sports
1
Les joueurs à 100 buts en Ligue 1 Uber Eats
2
2022 World Cup Stars
3
2024 March Madness Bracket
4
Millionaire: NBA Finals Edition
5
Players with Multiple 50 Home Run Seasons
6
Nickname Match: Athletes VI
7
Criteria MLB: Left Handed Sluggers
8
Iconic Moments in Football - Multiple Choice
9
NFL MVPs ordered
10
First NBA MVP by Team
Explore More
Trending Topics
Marvel
NBA
Anime
Disney
Harry Potter
Crossword
Kpop
The Office
WWE
Soccer
Song
Pokémon
Puzzle
NFL
Country
hide this ad
More By:
moose2438
Quiz
Plays
Rating
Category
Featured
Created
MLB team hits leaders since 1990
3,147
4.15
Sports
Feb 6, 2012
Pirate Hit Leaders
2,816
5.00
Sports
Feb 8, 2010
MLB players who hit home runs in 1998
2,800
3.87
Sports
Mar 2, 2012
Toronto Blue Jays common batting orders, 2000-2019
2,627
4.60
Sports
Dec 15, 2011
MLB players who hit home runs in 2001
2,190
4.42
Sports
Feb 13, 2012
Go to Creator's Profile
Score Distribution
Quiz Creator Spotlight
moose2438
Follow
Send a Message
Quizzes Created
-
Created Quiz Play Count
-
More By This Creator
Popular Quizzes Today
1
Find the US States - No Outlines Minefield
2
Find the US States
3
The Countries of the World
4
10 Largest US States in Order
5
Find the Countries of Europe - No Outlines Minefield
6
US States
7
Guess the 'R' Things in 3 Words
8
NBA Finals Game Top Scorers (2010s)
More Sports Quizzes
MLB players with 25 hr and 25 sb , season , 2000s
Quiz Lab
Trending Quizzes
First Name TV: Leading Men
Match the Book to the Film II
3-Word Movies in 1 Word II
First Name TV: Leading Women Drama
Match the Book to the Film VI
Recently Updated
Women's Final Four Teams by Year
bhenderson79
Presidents Quartet II
eogle
Anything But Clue(do)
eogle
Anything But Oceanian Capitals
eogle
Anything But 7
eogle
Anything But Thing
eogle
Word Ladder: February 29
pecheneg
Song Title Questions
pecheneg
Women's NCAA Tournament #1 Seeds
pecheneg
Celebrity Mug Shots
pecheneg
Trending Topics
Harry Potter
Marvel
Crossword
Disney
Kpop
Anime
NBA
Soccer
Pokémon
WWE
The Office
NFL
Puzzle
Song
Country
Your Account Isn't Verified!
In order to create a playlist on Sporcle, you need to verify the email address you used during registration. Go to your
Sporcle Settings
to finish the process.
Report this User
Report this user for behavior that violates our
Community Guidelines
.
Details:
Send Report
Go to the Sporcle.com Mobile Site →
Comments